=LDR 00000nam 2200000 4500 =001 INLIS000000000039254 =005 20130612144907 =008 ***********************************Ind** =035 ##$$a0010-061300000039254 =041 ##$$a Ind =082 ##$$a 615.831 2 =090 ##$$a 615.831 s, Kum t =245 ##$$a Terapi Warna : ( Colour Therapy ), Vijaya Kumar ; Alih Bahasa , Alexander Sindoro ; R.Sutoyo Bakir =260 ##$$a 2009 $b Jakarta =300 ##$$a 120 Hlm, 19 Cm =850 ##$$a NBPNMAT =990 ##$$a 21400613/BPAP-NTB/20142014